| 000 | 00658nam a2200205Ia 4500 | ||
|---|---|---|---|
| 005 | 20221201113336.0 | ||
| 008 | 131103s9999 xx 000 0 und d | ||
| 020 | _cRs.230.00 | ||
| 040 | _aLoreto College | ||
| 041 | _aEnglish | ||
| 082 |
_a954.92 _bDHA |
||
| 245 |
_aDhaka 1948-1971 _b An album of photographs _cEdited by Muntassir Manoon and Hashem Khan;cover and book design by Qayyum Chowdhury,English translation by Syed Manzoorul Islam |
||
| 250 | _a2nd ed | ||
| 260 |
_aDhaka _bBangladesh Shilpakala Academy _c2010 |
||
| 300 | _a96p. | ||
| 650 | _aDhaka-History-1948-1971 | ||
| 700 | _aManoon,Muntassir,ed. | ||
| 850 | _aLCLIB | ||
| 942 | _cBK | ||
| 999 |
_c38638 _d89117 |
||